000 00543nam a2200205Ia 4500
003 OSt
005 20260625162135.0
008 210210b1969 xxu||||| |||| 00| 0 eng d
040 _cAL
041 _aeng
082 _a305.896073 MARP
100 _aGary T Marx
_9266013
245 _aProtest and prejudice
_b: a study of belief in the black community
260 _aNew York
_bHarper & Row Publishers
_c1969
300 _axxviii,256,5p
650 _aBlacks
_9266014
690 _aEthnic Groups
_9266015
906 _a041798
942 _2ddc
_cBK
999 _c91803
_d91803